000 00765cam a22002533a 4500
001 10364
003 PGUSA
005 20140828083223.0
008 031201s2003||||xxu|||||s|||||000 1 eng d
040 _aPGUSA
_beng
042 _adc
050 4 _aPR
100 1 _aKingsley, Charles,
_d1819-1875
245 1 0 _aYeast :
_ba Problem
_h[electronic resource] /
_cCharles Kingsley
260 _bProject Gutenberg,
_c2003
506 _aPublic domain in the USA.
516 _aElectronic text
653 _aEngland -- Social conditions -- 19th century -- Fiction
653 _aRural poor -- England -- Fiction
653 _aCountry life -- England -- Fiction
830 0 _aProject Gutenberg
_v10364
856 4 0 _uhttp://www.gutenberg.org/ebooks/10364
942 _cEB
999 _c239619
_d239619